00368nam a2200145Ia 4500008004100000020001500041041001200056082001600068100001600084245005400100250000800154260003700162300000800199650001500207221030s9999 xx 000 0 und d a9812402489 aEnglish a105.23bWei aJ. W. Weiss 0aOrganisational Behaviour & Changecby J. W. Weiss a2nd bVikas Pub HouseaNew Delhic2001 a458 aManagement